| 000 | 00659nam a2200205 u 4500 | ||
|---|---|---|---|
| 005 | 20210223130350.0 | ||
| 008 | 080201s19932001 r 000 0 eng d | ||
| 020 | _a8434482126 | ||
| 035 | _aUPN01000154010 | ||
| 049 | _aCG | ||
| 050 | 4 |
_aPC4101 _bP4.3 |
|
| 100 | 1 |
_aPenny, Ralph, _d1940- |
|
| 245 | 1 | 0 |
_aGramática histórica del español / _cRalph Penny ; tr. de José Ignacio Pérez Pascual. |
| 260 |
_aBarcelona, Esp. : _bAriel, _c1993 (2001 impr.). |
||
| 300 | _axiv, 365 p. | ||
| 440 | 0 | _aAriel lingüística | |
| 534 |
_pTítulo original: _tA history of the spanish language |
||
| 650 | 4 |
_aESPAÑOL - _xGRAMATICA HISTORICA _911738 |
|
| 905 | _aLibro | ||
| 999 |
_c126127 _d126127 |
||